Курс аналитической геометрии и линейной алгебры: учебник

Detalhes bibliográficos
Autor principal: Беклемишев Д. В. Дмитрий Владимирович
Resumo:В учебнике изложен основной материал, входящий в объединенный курс аналитической геометрии и линейной алгебры: век­торная алгебра, прямые и плоскости, линии и поверхности второго порядка, аффинные преобразования, матричная алгебра и систе­мы линейных уравнений, линейные пространства, евклидовы и уни­тарные пространства, аффинные пространства, тензорная алгебра. Учебник предназначен для студентов, изучающих курсы ма­тематики в классических университетах, а также технических ву­зах.
Idioma:russo
Publicado em: Санкт-Петербург, Лань, 2020
Edição:17-е изд., стер.
Colecção:Учебники для вузов. Специальная литература
Assuntos:
Formato: MixedMaterials Livro
KOHA link:https://koha.lib.tpu.ru/cgi-bin/koha/opac-detail.pl?biblionumber=676638

MARC

LEADER 00000nam0a2200000 4500
001 676638
005 20241202163054.0
010 |a 978-5-8114-4748-0 
090 |a 676638 
100 |a 20241115d2020 m||y0rusy50 ca 
101 0 |a rus 
102 |a RU 
105 |a a j 001yy 
181 0 |a i   |b  e  
182 0 |a n 
183 0 |a nc  |2 RDAcarrier 
200 1 |a Курс аналитической геометрии и линейной алгебры  |e учебник  |f Д. В. Беклемишев 
203 |a Текст  |b визуальный  |c непосредственный 
205 |a 17-е изд., стер. 
210 |a Санкт-Петербург  |c Лань  |d 2020 
215 |a 444 с.  |c ил. 
225 1 |a Учебники для вузов. Специальная литература 
283 |a volume  |2 RDAcarrier 
320 |a Библиография: с. 433-434 
320 |a Предметный указатель: с. 435-439 
330 |a В учебнике изложен основной материал, входящий в объединенный курс аналитической геометрии и линейной алгебры: век­торная алгебра, прямые и плоскости, линии и поверхности второго порядка, аффинные преобразования, матричная алгебра и систе­мы линейных уравнений, линейные пространства, евклидовы и уни­тарные пространства, аффинные пространства, тензорная алгебра. Учебник предназначен для студентов, изучающих курсы ма­тематики в классических университетах, а также технических ву­зах. 
606 1 |a Линейная алгебра  |2 stltpush  |3 (RuTPU)RU\TPU\subj\40174  |9 60039 
606 1 |a Аналитическая геометрия  |2 stltpush  |3 (RuTPU)RU\TPU\subj\28991  |9 52410 
610 1 |a учебники 
610 1 |a векторная алгебра 
610 1 |a прямые линии 
610 1 |a плоскости 
610 1 |a линии второго порядка 
610 1 |a поверхности второго порядка 
610 1 |a преобразования 
610 1 |a матрицы 
610 1 |a линейные уравнения 
610 1 |a системы уравнений 
610 1 |a линейные пространства 
610 1 |a евклидовы пространства 
610 1 |a унитарные пространства 
610 1 |a аффинные пространства 
675 |a 512.64(075.8)  |v 4 
675 |a 514.12(075.8)  |v 4 
700 1 |a Беклемишев  |b Д. В.  |g Дмитрий Владимирович 
801 0 |a RU  |b 63413507  |c 20241115 
942 |c BK